000 00360nam a2200145Ia 4500
008 231217s9999 xx 000 0 und d
041 _aEnglish
082 _a001.6424JAV SHE `R'
100 _aSeshadri, Govind
245 0 _aEnterprise JAVA computing
260 _c1999
_bCambridge University Press
300 _axviii+353
650 _aJava
942 _cAA
999 _c166846
_d166846